[Event "Sivagangai Tamilnadu op U11 32th"]
[Site "Sivagangai Tamilnadu"]
[Date "2018.07.28"]
[Round "1.3"]
[White "Pal, Abhinav"]
[Black "Ilamparthi, AR."]
[Result "0-1"]
[WhiteElo "1164"]
[BlackElo "1965"]
[PlyCount "102"]
[EventDate "2018.07.28"]
[EventType "swiss"]
[EventRounds "11"]
[EventCountry "IND"]
[SourceTitle "EXT 2024"]
[Source "ChessBase"]
[SourceDate "2023.10.10"]
[SourceVersion "1"]
[SourceVersionDate "2023.10.10"]
[SourceQuality "1"]

1. c4 e5 2. Nc3 Nf6 3. d3 d6 4. Nf3 g6 5. g3 Bg7 6. Bg2 c6 7. Bd2 0-0 8. 0-0 Na6 9. a3 h6 10. b4 Be6 11. Rb1 Nc7 12. b5 cxb5 13. Nxb5 Nxb5 14. Rxb5 Rb8 15. Qb1 b6 16. Qc2 Rc8 17. Rb4 Nd5 18. Rbb1 Ne7 19. Qa4 Nc6 20. Ng5 Bd7 21. Ne4 Qe7 22. e3 f5 23. Nc3 Kh7 24. Nd5 Qf7 25. Qb3 Be6 26. Nb4 Na5 27. Qd1 e4 28. Re1 exd3 29. Nxd3 Nxc4 30. Rc1 Nxa3 31. Nf4 Bb3 32. Qe2 Nc2 33. Rf1 Bc4 34. Nd3 Ba6 35. Rfd1 Qb3 36. Bf1 Rfe8 37. Rb1 Qa4 38. Rdc1 Qe4 39. Rb3 Qd5 40. Rcb1 Nd4 41. Qd1 Bb7 42. f3 Nxf3+ 43. Kf2 Nd4 44. Rb4 Qh1 45. h3 Qh2+ 46. Ke1 Qxg3+ 47. Nf2 Nc2+ 48. Qxc2 Rxc2 49. Rd1 Rxe3+ 50. Bxe3 Qxe3+ 51. Be2 Qxe2# 0-1